مكتبة جامعة عجلون الوطنية

فهرس بحث المكتبة

اتجاهات المعلمين نحو التعليم التشاركي للطلبة ذوي صعوبات التعلم من وجهة نظر مديري المدارس = The Attitudes of Teachers Towards Participatory Education for Students With Learning Disabilities From the School Principals Perspectives (Record no. 31910)

MARC details
000 -LEADER
fixed length control field 01149nam a2200193Ii 4500
003 - CONTROL NUMBER IDENTIFIER
control field JO-AjNU
008 - FIXED-LENGTH DATA ELEMENTS--GENERAL INFORMATION
fixed length control field 230605s9999||||xx |||||||||||||| ||und||
040 ## - CATALOGING SOURCE
Original cataloging agency JO-AjNU
Language of cataloging ara
Description conventions rda
Transcribing agency JO-AjNU
041 ## - LANGUAGE CODE
Language code of text/sound track or separate title ara
050 14 - LIBRARY OF CONGRESS CALL NUMBER
Classification number LC1049.2022
100 3# - MAIN ENTRY--PERSONAL NAME
Personal name اعداد درادكه، اسراء محمد؛ اشراف فيصل عيسى نواصره,
Relator term author
9 (RLIN) 62575
245 00 - TITLE STATEMENT
Title اتجاهات المعلمين نحو التعليم التشاركي للطلبة ذوي صعوبات التعلم من وجهة نظر مديري المدارس = The Attitudes of Teachers Towards Participatory Education for Students With Learning Disabilities From the School Principals Perspectives
264 31 - PRODUCTION, PUBLICATION, DISTRIBUTION, MANUFACTURE, AND COPYRIGHT NOTICE
Place of production, publication, distribution, manufacture عجلون/الاردن: جامعة عجلون الوطنية، 2022
300 ## - PHYSICAL DESCRIPTION
Extent 80ص
Other physical details رسالة جامعية(اطروحة ماجستير) تخصص التربية الخاصة/كلية العلوم التربوية، جامعة عجلون الوطنية، 2022
336 ## - CONTENT TYPE
Content type term text
Content type code txt
Source rdacontent
337 ## - MEDIA TYPE
Media type term unmediated
Media type code n
Source rdamedia
338 ## - CARRIER TYPE
Carrier type term volume
Carrier type code nc
Source rdacarrier
650 #4 - SUBJECT ADDED ENTRY--TOPICAL TERM
Topical term or geographic name entry element التعليم التشاركي-صعوبات التعلم
9 (RLIN) 62576
Holdings
Withdrawn status Lost status Source of classification or shelving scheme Damaged status Not for loan Home library Current library Shelving location Date acquired Total Checkouts Full call number Barcode Date last seen Price effective from Koha item type
    Library of Congress Classification     مكتبة جامعة عجلون الوطنية مكتبة جامعة عجلون الوطنية المراجع 06/06/2023   LC1049.2022 A28342 06/06/2023 06/06/2023 Reference